<?xml version="1.0" encoding="UTF-8"?>
<record
    xmlns:xsi="http://www.w3.org/2001/XMLSchema-instance"
    xsi:schemaLocation="http://www.loc.gov/MARC21/slim http://www.loc.gov/standards/marcxml/schema/MARC21slim.xsd"
    xmlns="http://www.loc.gov/MARC21/slim">

  <leader>04006namaa22004331i 4500</leader>
  <controlfield tag="003">EG-GICUC</controlfield>
  <controlfield tag="005">20260119114937.0</controlfield>
  <controlfield tag="008">260103s2025    ua a|||frm||| 000 0 eng d</controlfield>
  <datafield tag="040" ind1=" " ind2=" ">
    <subfield code="a">EG-GICUC</subfield>
    <subfield code="b">eng</subfield>
    <subfield code="c">EG-GICUC</subfield>
    <subfield code="d">EG-GICUC</subfield>
    <subfield code="e">rda</subfield>
  </datafield>
  <datafield tag="041" ind1="0" ind2=" ">
    <subfield code="a">eng</subfield>
    <subfield code="b">eng</subfield>
    <subfield code="b">ara</subfield>
  </datafield>
  <datafield tag="049" ind1=" " ind2=" ">
    <subfield code="a">Deposit</subfield>
  </datafield>
  <datafield tag="082" ind1="0" ind2="4">
    <subfield code="a">523.01</subfield>
  </datafield>
  <datafield tag="092" ind1=" " ind2=" ">
    <subfield code="a">523.01</subfield>
    <subfield code="2">21</subfield>
  </datafield>
  <datafield tag="097" ind1=" " ind2=" ">
    <subfield code="a">M.Sc</subfield>
  </datafield>
  <datafield tag="099" ind1=" " ind2=" ">
    <subfield code="a">Cai01.12.01.M.Sc.2025.Ol.O</subfield>
  </datafield>
  <datafield tag="100" ind1="0" ind2=" ">
    <subfield code="a">Ola Ali Mohammed Mohammed Saad,</subfield>
    <subfield code="e">preparation.</subfield>
  </datafield>
  <datafield tag="245" ind1="1" ind2="0">
    <subfield code="a">Optical and infrared photometric study for some poorly studied open star clusters /</subfield>
    <subfield code="c">by Ola Ali Mohammed Mohammed Saad ; Supervisor Prof. Haymen Z. Metwally, Prof. Anas M. Osman.</subfield>
  </datafield>
  <datafield tag="246" ind1="1" ind2="5">
    <subfield code="a">&#x62F;&#x631;&#x627;&#x633;&#x627;&#x62A; &#x641;&#x648;&#x62A;&#x648;&#x645;&#x62A;&#x631;&#x64A;&#x629; &#x641;&#x64A; &#x646;&#x637;&#x627;&#x642; &#x627;&#x644;&#x636;&#x648;&#x621; &#x627;&#x644;&#x645;&#x631;&#x626;&#x64A; &#x648;&#x627;&#x644;&#x623;&#x634;&#x639;&#x629; &#x62A;&#x62D;&#x62A; &#x627;&#x644;&#x62D;&#x645;&#x631;&#x627;&#x621; &#x644;&#x628;&#x639;&#x636; &#x627;&#x644;&#x62D;&#x634;&#x648;&#x62F; &#x627;&#x644;&#x646;&#x62C;&#x645;&#x64A;&#x629; &#x63A;&#x64A;&#x631; &#x645;&#x633;&#x62A;&#x648;&#x641;&#x64A;&#x629; &#x627;&#x644;&#x62F;&#x631;&#x627;&#x633;&#x629;</subfield>
  </datafield>
  <datafield tag="264" ind1=" " ind2="0">
    <subfield code="c">2025.</subfield>
  </datafield>
  <datafield tag="300" ind1=" " ind2=" ">
    <subfield code="a">54 pages : </subfield>
    <subfield code="b">illustrations ;</subfield>
    <subfield code="c">25 cm. + </subfield>
    <subfield code="e">CD.</subfield>
  </datafield>
  <datafield tag="336" ind1=" " ind2=" ">
    <subfield code="a">text</subfield>
    <subfield code="2">rda content</subfield>
  </datafield>
  <datafield tag="337" ind1=" " ind2=" ">
    <subfield code="a">Unmediated</subfield>
    <subfield code="2">rdamedia</subfield>
  </datafield>
  <datafield tag="338" ind1=" " ind2=" ">
    <subfield code="a">volume</subfield>
    <subfield code="2">rdacarrier</subfield>
  </datafield>
  <datafield tag="502" ind1=" " ind2=" ">
    <subfield code="a">Thesis (M.Sc)-Cairo University, 2025.</subfield>
  </datafield>
  <datafield tag="504" ind1=" " ind2=" ">
    <subfield code="a">Bibliography: pages 46-54.</subfield>
  </datafield>
  <datafield tag="520" ind1=" " ind2="3">
    <subfield code="a">In this thesis we presented most of the astrophysical properties of the
three open star clusters; FSR-163, FSR-275, and Majaess 215, using Gaia-
DR3. The membership candidates&#x2019; probabilities have been estimated us-
ing pyUPMASK method. Using the clusters&#x2019; parallaxes of the members,
we calculated the distance to the clusters, which matched well with our
isochrones fitting results on the color-magnitude diagram. We also deter-
mined the age of the clusters, which agreed well with the results we got
from the 2MASS isochrones. We finally evaluated the following photomet-
ric parameters: the reddening, galactic geometrical distances, luminosity
function, mass function, total masses of the clusters, and the dynamical
relaxation time. Results of FSR-163 and Majaess 215 are published in
[47].</subfield>
  </datafield>
  <datafield tag="520" ind1=" " ind2="3">
    <subfield code="a">&#x641;&#x64A; &#x647;&#x630;&#x647; &#x627;&#x644;&#x631;&#x633;&#x627;&#x644;&#x629;&#x60C; &#x639;&#x631;&#x636;&#x646;&#x627; &#x645;&#x639;&#x638;&#x645; &#x627;&#x644;&#x62E;&#x635;&#x627;&#x626;&#x635; &#x627;&#x644;&#x641;&#x64A;&#x632;&#x64A;&#x627;&#x626;&#x64A;&#x629; &#x627;&#x644;&#x641;&#x644;&#x643;&#x64A;&#x629; &#x644;&#x62B;&#x644;&#x627;&#x62B;&#x629; &#x62D;&#x634;&#x648;&#x62F; &#x646;&#x62C;&#x645;&#x64A;&#x629; &#x645;&#x641;&#x62A;&#x648;&#x62D;&#x647;:  FSR-163 &#x648;FSR-275 &#x648;Majaess 215 &#x628;&#x627;&#x633;&#x62A;&#x62E;&#x62F;&#x627;&#x645; &#x628;&#x64A;&#x627;&#x646;&#x627;&#x62A; &#x627;&#x644;&#x645;&#x646;&#x638;&#x627;&#x631; &#x627;&#x644;&#x641;&#x636;&#x627;&#x626;&#x64A; &#x62C;&#x627;&#x64A;&#x627; (&#x627;&#x644;&#x627;&#x635;&#x62F;&#x627;&#x631; &#x627;&#x644;&#x62B;&#x627;&#x644;&#x62B;).
&#x627;&#x633;&#x62A;&#x62E;&#x62F;&#x645;&#x646;&#x627; &#x637;&#x631;&#x64A;&#x642;&#x629; pyUPMASK &#x644;&#x62A;&#x62D;&#x62F;&#x64A;&#x62F; &#x627;&#x62D;&#x62A;&#x645;&#x627;&#x644;&#x64A;&#x629; &#x639;&#x636;&#x648;&#x64A;&#x629; &#x627;&#x644;&#x646;&#x62C;&#x648;&#x645; &#x641;&#x64A; &#x627;&#x644;&#x62D;&#x634;&#x648;&#x62F;. &#x648;&#x628;&#x627;&#x633;&#x62A;&#x62E;&#x62F;&#x627;&#x645; &#x642;&#x64A;&#x645; "&#x627;&#x62E;&#x62A;&#x644;&#x627;&#x641; &#x627;&#x644;&#x645;&#x646;&#x638;&#x631;" &#x644;&#x644;&#x646;&#x62C;&#x648;&#x645; &#x623;&#x639;&#x636;&#x627;&#x621; &#x627;&#x644;&#x62D;&#x634;&#x648;&#x62F;&#x60C; &#x642;&#x645;&#x646;&#x627; &#x628;&#x62D;&#x633;&#x627;&#x628; &#x627;&#x644;&#x645;&#x633;&#x627;&#x641;&#x629; &#x625;&#x644;&#x649; &#x647;&#x630;&#x647; &#x627;&#x644;&#x62D;&#x634;&#x648;&#x62F;&#x60C; &#x648;&#x627;&#x644;&#x62A;&#x64A; &#x62A;&#x637;&#x627;&#x628;&#x642;&#x62A; &#x62C;&#x64A;&#x62F;&#x627; &#x645;&#x639; &#x646;&#x62A;&#x627;&#x626;&#x62C; &#x645;&#x62D;&#x627;&#x643;&#x627;&#x629; &#x62E;&#x637;&#x648;&#x637; &#x627;&#x644;&#x62A;&#x648;&#x627;&#x641;&#x642; &#x627;&#x644;&#x646;&#x62C;&#x645;&#x64A;&#x647; &#x639;&#x644;&#x649; &#x645;&#x62E;&#x637;&#x637; &#x627;&#x644;&#x644;&#x648;&#x646;-&#x627;&#x644;&#x642;&#x62F;&#x631;.
&#x643;&#x645;&#x627; &#x62D;&#x62F;&#x62F;&#x646;&#x627; &#x639;&#x645;&#x631; &#x627;&#x644;&#x62D;&#x634;&#x648;&#x62F;&#x60C; &#x648;&#x627;&#x644;&#x630;&#x64A; &#x62A;&#x648;&#x627;&#x641;&#x642; &#x623;&#x64A;&#x636;&#x64B;&#x627; &#x645;&#x639; &#x627;&#x644;&#x646;&#x62A;&#x627;&#x626;&#x62C; &#x627;&#x644;&#x62A;&#x64A; &#x62D;&#x635;&#x644;&#x646;&#x627; &#x639;&#x644;&#x64A;&#x647;&#x627; &#x645;&#x646; &#x62E;&#x637;&#x648;&#x637; &#x627;&#x644;&#x62A;&#x648;&#x627;&#x641;&#x642; &#x627;&#x644;&#x646;&#x62C;&#x645;&#x64A;&#x647; &#x644;&#x643;&#x64E;&#x62A;&#x627;&#x644;&#x648;&#x62C; 2MASS. &#x648;&#x623;&#x62E;&#x64A;&#x631;&#x64B;&#x627;&#x60C; &#x639;&#x64A;&#x64A;&#x646;&#x627; &#x627;&#x644;&#x645;&#x639;&#x627;&#x645;&#x644;&#x627;&#x62A; &#x627;&#x644;&#x641;&#x648;&#x62A;&#x648;&#x645;&#x62A;&#x631;&#x64A;&#x629; &#x627;&#x644;&#x62A;&#x627;&#x644;&#x64A;&#x629;: &#x627;&#x644;&#x627;&#x62D;&#x645;&#x631;&#x627;&#x631; &#x627;&#x644;&#x646;&#x62C;&#x645;&#x64A;&#x60C; &#x627;&#x644;&#x623;&#x628;&#x639;&#x627;&#x62F; &#x627;&#x644;&#x647;&#x646;&#x62F;&#x633;&#x64A;&#x629; &#x627;&#x644;&#x645;&#x62C;&#x631;&#x64A;&#x629;&#x60C; &#x62F;&#x627;&#x644;&#x629; &#x627;&#x644;&#x643;&#x62A;&#x644;&#x629;&#x60C; &#x62F;&#x627;&#x644;&#x629; &#x627;&#x644;&#x625;&#x636;&#x627;&#x621;&#x629;&#x60C; &#x648;&#x627;&#x644;&#x643;&#x62A;&#x644;&#x629; &#x627;&#x644;&#x643;&#x644;&#x64A;&#x629;&#x60C; &#x648;&#x632;&#x645;&#x646; &#x627;&#x644;&#x627;&#x633;&#x62A;&#x642;&#x631;&#x627;&#x631; &#x627;&#x644;&#x62F;&#x64A;&#x646;&#x627;&#x645;&#x64A;&#x643;&#x64A; &#x644;&#x644;&#x62D;&#x634;&#x648;&#x62F; . &#x646;&#x64F;&#x634;&#x631;&#x62A; &#x627;&#x644;&#x646;&#x62A;&#x627;&#x626;&#x62C; FSR-163 &#x648;Majaess 215 &#x641;&#x64A; &#x627;&#x644;&#x645;&#x631;&#x62C;&#x639;(Ola Ali et al. 2024, Res. Astr. Astrophys., 24, 125008).</subfield>
  </datafield>
  <datafield tag="530" ind1=" " ind2=" ">
    <subfield code="a">Issues also as CD.</subfield>
  </datafield>
  <datafield tag="546" ind1=" " ind2=" ">
    <subfield code="a">Text in English and abstract in Arabic &amp; English.</subfield>
  </datafield>
  <datafield tag="650" ind1=" " ind2="0">
    <subfield code="a">Astrophysics</subfield>
  </datafield>
  <datafield tag="650" ind1=" " ind2="0">
    <subfield code="a">&#x641;&#x644;&#x643; &#x641;&#x64A;&#x632;&#x64A;&#x627;&#x626;&#x64A; </subfield>
  </datafield>
  <datafield tag="653" ind1=" " ind2="1">
    <subfield code="a">Open clusters</subfield>
    <subfield code="a">FSR-163</subfield>
    <subfield code="a">FSR-275</subfield>
    <subfield code="a">Majaess 215</subfield>
    <subfield code="a">2MASS</subfield>
    <subfield code="a">GAIA-DR3</subfield>
    <subfield code="a">luminosity function</subfield>
    <subfield code="a">mass function</subfield>
    <subfield code="a">Proper motion</subfield>
    <subfield code="a">Color- magnitude diagram</subfield>
    <subfield code="a">&#x62D;&#x634;&#x648;&#x62F; &#x646;&#x62C;&#x645;&#x64A;&#x629; &#x645;&#x641;&#x62A;&#x648;&#x62D;&#x629;</subfield>
    <subfield code="a">&#x62D;&#x631;&#x643;&#x629; &#x62D;&#x642;&#x64A;&#x642;&#x64A;&#x629;</subfield>
  </datafield>
  <datafield tag="700" ind1="0" ind2=" ">
    <subfield code="a">Haymen Z. Metwally</subfield>
    <subfield code="e">thesis advisor.</subfield>
  </datafield>
  <datafield tag="700" ind1="0" ind2=" ">
    <subfield code="a">Anas M. Osman</subfield>
    <subfield code="e">thesis advisor.</subfield>
  </datafield>
  <datafield tag="900" ind1=" " ind2=" ">
    <subfield code="b">01-01-2025</subfield>
    <subfield code="c">Haymen Z. Metwally</subfield>
    <subfield code="c">Anas M. Osman</subfield>
    <subfield code="U">Cairo University</subfield>
    <subfield code="F">Faculty of Science </subfield>
    <subfield code="D">Department of Astronomy</subfield>
  </datafield>
  <datafield tag="905" ind1=" " ind2=" ">
    <subfield code="a">Shimaa</subfield>
    <subfield code="e">Eman Ghareb</subfield>
  </datafield>
  <datafield tag="942" ind1=" " ind2=" ">
    <subfield code="2">ddc</subfield>
    <subfield code="c">TH</subfield>
    <subfield code="e">21</subfield>
    <subfield code="n">0</subfield>
  </datafield>
  <datafield tag="999" ind1=" " ind2=" ">
    <subfield code="c">177337</subfield>
  </datafield>
  <datafield tag="952" ind1=" " ind2=" ">
    <subfield code="2">ddc</subfield>
    <subfield code="9">313201</subfield>
    <subfield code="a">CUCL</subfield>
    <subfield code="b">cl210</subfield>
    <subfield code="d">2026-01-03</subfield>
    <subfield code="i">93040</subfield>
    <subfield code="o">Cai01.12.01.M.Sc.2025.Ol.O</subfield>
    <subfield code="p">01010110093040000</subfield>
    <subfield code="r">2026-01-03 19:28:35</subfield>
    <subfield code="w">2026-01-03</subfield>
    <subfield code="y">TH</subfield>
  </datafield>
</record>
